03090cam a22002777a 450000500170000000800410001704000360005804100080009408200140010210000300011624207380014624506580088426001310154230000340167350006810170750501240238850600210251254600210253365000480255470000260260270000260262870000220265470000210267670000340269785600810273120200810064228.0071106s1522 fr fr 001 0 lat d aGBVCPcSandra YazodSandra Yazo1 alat04220a262.91 aFranchi, Filippod - 147100aExplicaciones sobre el Sexto Libro de las Decretales del insigne soberano en Ambos Derechos e profundísimo maestro D. Felipe de Franchis, natural de Perusa.bEn especial sobre difícil y útil título sobre las normas del derecho. Con comentarios de los ilustres Nicolás de Superantio, Celso Hugo y Bernardo de Roma, doctores tanto en el derecho Pontificio como en el Imperial. Completadas recientemente por Juan de Gradibus, agudo profesor de los mismos, quien elaboró los sumarios en capítulos y parágrafos. Al final de la obra se añade un Índice que contiene, por orden alfabético, los conceptos especiales y las materias más importantes que se encuentran diseminadas, aquí y allá, por todo el texto.yspa10aClarissimi Juris utriusque monarche interpretisque profundissimi Dni. Philippi Franchi Perusini Lectura super Sexto Decretalium: subtilique non minus quam utili titulo de Regulis iuris.bCum illustrissimorum virorum Nicolai Superantii ..., Celsi Hugonis ... et Bernardi de Roma: Juris tam Pontificii quam Caesarei Doctorum Apostillis. Prefixit vero nunc demum dominus Joannes de Gradibus Juris utriusque profesor perspicacissimus quibus suis capitulis et paragraphis Summaria. Adiecto in calce operis Indice: casus notabiles: dicta singularia: et materias principaliores per totum hoc opus hincinde sparsas: ordine alphabetico copiosissime complectente. aLugduni [Lyon] (Francia)bImprimebat Joannes de Jonuelle alias piston [Lo imprimió Juan de Jonuelle, llamado Pistón]c1522 a246, [21] foliosc43 x 29 cm. aDetalles físicos: Encuadernación flexible en pergamino, con faltante en la tapa posterior. Guardas desprendidas, notorias maculaturas. Portada impresa en dos tintas, título extenso enmarcado en una orla decorativa, algunas anotaciones manuscritas y sellos de tinta. Índice inicial. Texto impreso en dos columnas, con caracteres góticos, sobre papel grueso y de calidad. Sumarios y párrafos numerados. Pequeñas mayúsculas capitales sin calidad. Algunas apostillas marginales impresas. Signaturas. Colofón. Registro de cuadernillos. Cortes decorados de rojo. Folios 62 y 63, rasgados por la mitad, texto incompleto. Datos de publicación tomados del colofón0 aComentarios, en ambos derechos, al Sexto Libro de las Decretales. En especial lo relacionado con las Normas del Derecho aConsulta en sala aTexto en latín 7aDerecho canónicoxObras anteriores a 18001 aGradibus, Johannes de1 aGradibus, Johannes de1 aJonvelle, Jean de1 aRomano, Bernardo1 aSoranzo, Niccolòd1476-154641uhttps://repository.urosario.edu.co/handle/10336/26513zDisponible en línea